| 000 | 00696nam a2200241Ia 4500 | ||
|---|---|---|---|
| 005 | 20250425162553.0 | ||
| 008 | 250425s9999 xx 000 0 und d | ||
| 020 | _a9786071507839 | ||
| 041 | _aspa | ||
| 043 | _amx | ||
| 082 |
_a530.141 _pHAY |
||
| 100 | _aHayt, William H. | ||
| 245 | 0 |
_aTeoría electromagnética _cWilliam H. Hayt, Jr. y John A. Buck |
|
| 250 | _aOctava edición | ||
| 260 |
_aMéxico _bMCGRAW-HILL _c2012 |
||
| 300 |
_a507 páginas _bilustraciones _c27 cm. |
||
| 500 | _aLIBRO RECUPERADO POR 3468ESPOL-TECH | ||
| 504 | _aIncluye apéndice e índice analítico | ||
| 650 | _aTeoría electromagnética | ||
| 700 | _aBuck, John A. | ||
| 942 | _c01 | ||
| 010 | _a86339 | ||
| 999 |
_c231949 _d231949 |
||